Hold up! (Record no. 74418)
[ view plain ]
| 000 -LEADER | |
|---|---|
| fixed length control field | 01362cab a2200217 4500 |
| 001 - CONTROL NUMBER | |
| control field | ABS67827 |
| 008 - FIXED-LENGTH DATA ELEMENTS--GENERAL INFORMATION | |
| fixed length control field | 040602n2004 000 0 eng u |
| 035 ## - SYSTEM CONTROL NUMBER | |
| System control number | (Sirsi) u126379 |
| 100 ## - MAIN ENTRY--PERSONAL NAME | |
| Personal name | Bingham, T. |
| 245 ## - TITLE STATEMENT | |
| Title | Hold up! |
| 260 ## - PUBLICATION, DISTRIBUTION, ETC. | |
| Date of publication, distribution, etc. | 2004 |
| 490 ## - SERIES STATEMENT | |
| Series statement | Building |
| Volume/sequential designation | 269(8331) 7 May 2004, 50-51(2) |
| 520 ## - SUMMARY, ETC. | |
| Summary, etc. | Considers the issues raised by "Buxton Building Contractors Ltd v Durand Primary School" ([2004] EWHC 733 (TCC), [2004] ALL ER (D) 87 (Apr)). Argues that it gives a useful example of the reverse ambush effect in adjudication and considers whether the defendant's claim for damages, attached to its response to a formal adjudication notice requiring payment on an interim payment on an interim certificate, was an unfair ambush. The judge was concerned that the adjudicator had failed to consider all the evidence submitted about the cross claim and rules that the adjudicator only has jurisdiction to consider the evidence in the dispute which has been referred directly to him. |
| 590 ## - LOCAL NOTE (RLIN) | |
| Local note | ABS |
| 650 ## - SUBJECT ADDED ENTRY--TOPICAL TERM | |
| Topical term or geographic name entry element | BUXTON BUILDING CONTRACTORS V DURAND PRIMARY SCHOOL GOVERNORS |
| 650 ## - SUBJECT ADDED ENTRY--TOPICAL TERM | |
| Topical term or geographic name entry element | REVERSE AMBUSH |
| 650 ## - SUBJECT ADDED ENTRY--TOPICAL TERM | |
| Topical term or geographic name entry element | INTERIM CERTIFICATES |
| 650 ## - SUBJECT ADDED ENTRY--TOPICAL TERM | |
| Topical term or geographic name entry element | MANAGEMENT-DISPUTE AVOIDANCE, MANAGEMENT AND RESOLUTION-DISPUTE MANAGEMENT AND RESOLUTION-ALTERNATIVE DISPUTE RESOLUTION-ADJUDICATION |
| 690 ## - LOCAL SUBJECT ADDED ENTRY--TOPICAL TERM (OCLC, RLIN) | |
| Topical term or geographic name as entry element | Dispute resolution |
| 9 (RLIN) | 6236 |
| 942 ## - ADDED ENTRY ELEMENTS (KOHA) | |
| Suppress in OPAC | 0 |
| Withdrawn status | Lost status | Source of classification or shelving scheme | Damaged status | Not for loan | Home library | Current library | Shelving location | Date acquired | Total Checkouts | Full call number | Barcode | Date last seen | Copy number | Price effective from | Koha item type |
|---|---|---|---|---|---|---|---|---|---|---|---|---|---|---|---|
| Dewey Decimal Classification | London | London | RICS Boxes | 02/06/2004 | ABS67827 | 126379-1001 | 06/08/2019 | 1 | 06/08/2019 | Book |